000 00950cab a2200277 4500
001 ABS58788
008 090401t1998 xxu||||| |||| 00| 0 eng d
035 _a(Sirsi) u86272
041 _aeng
100 _aNally, E.
245 _aMoving faster
260 _c1998
350 _a0
490 _aLaw Society`s Gazette
_v95(17) 29 April 1998, 21(1)
520 _aExplains the Law Society proposals for streamlining the home buying process, with changes to current lending and conveyancing practice. Particular emphasis has been put on the pre-contract stage and chains of transactions.
650 _aCONVEYANCING
650 _aPROPERTY-RESIDENTIAL PROPERTY-ACQUISITION AND DISPOSAL OF RESIDENTIAL PROPERTY
650 _aLAW SOCIETY
650 _aMORTGAGE LENDING
650 _aPROPERTY FINANCE
650 _aSTREAMLINING
650 _aTRANSACTION SCHEME
690 _aPROPERTY LAW AND PRACTICE
942 _n0
948 _c19/05/1998
999 _c54274
_d54274